|
|
|
|
| LEADER |
00000cam a2200000 7i4500 |
| 001 |
0000003246 |
| 005 |
20050325.0 |
| 020 |
0 |
0 |
|a 0749436018
|
| 090 |
0 |
0 |
|a 658
|b CHA
|
| 100 |
1 |
0 |
|a Charney, Cyril.
|
| 245 |
1 |
0 |
|a The instant manager :
|b tools and ideas for practical problem solving
|c Cy Charney.
|
| 250 |
0 |
0 |
|a Rev. ed.
|
| 260 |
0 |
0 |
|a London :
|b Kogan Page ,
|c 2001.
|
| 300 |
|
|
|a xii, 259 p. ;
|c 22 cm.
|
| 500 |
0 |
0 |
|a Previous ed.: i.e., 1st ed., Stoddart Publishing, 1994.
|
| 650 |
0 |
0 |
|a Leadership.
|
| 650 |
0 |
0 |
|a Management
|x Handbooks, manuals, etc.
|
| 999 |
|
|
|a 0000006156
|b Monograph
|c Open Shelf
|e Default branch
|